La enseñanza de la historia en las escuelas. (Record no. 36276)
[ view plain ]
| 000 -CABECERA | |
|---|---|
| campo de control de longitud fija | 00258nam a2200097 a 4500 |
| 005 - FECHA Y HORA DE LA ÚLTIMA TRANSACCIÓN | |
| campo de control | 20200930075932.0 |
| 008 - DATOS DE LONGITUD FIJA--INFORMACIÓN GENERAL | |
| campo de control de longitud fija | 120131s1889 000 spa d |
| 040 ## - FUENTE DE LA CATALOGACIÓN | |
| Centro catalogador/agencia de origen | DO-SdBNP |
| 245 #3 - MENCIÓN DE TÍTULO | |
| Título | La enseñanza de la historia en las escuelas. |
| 260 ## - PUBLICACIÓN, DISTRIBUCIÓN, ETC. | |
| Lugar de publicación, distribución, etc. | Barcelona, |
| Fecha de publicación, distribución, etc. | 1889. |
No items available.
